000 00648nam a2200241 a 4500
001 0001-1030
003 ELIB.Books
008 141112 2010 eng
020 _a0802811442
035 _a(ELIB.Books)0001-1184
092 _a241
_bMur
100 _aMurray, John.
245 _aPrinciples of Conduct:
_bAspects of Biblical Ethics
260 _aGrand Rapids
_bWm. B. Eerdmans Publishing Company
_c1991
300 _a271
_c21.2 Cm
500 _aTaylor, Saw.
650 _aChristian Ethics
856 _nKBTS; Library
_uKBTS; Elib.
942 _2ddc
_cBK
990 _a1
998 _cbat
_e2014-11-12
999 _c11030
_d11030